[Event "ODEM U25B 2012"]
[Site "Oberhof GER"]
[Date "2012.06.01"]
[Round "8"]
[White "von Reppert, Marc"]
[Black "Pappert, Florian"]
[Result "1/2-1/2"]
[Termination "normal"]
[Board "1"]
[WhiteElo "1468"]
[BlackElo "1461"]
[PlyCount "60"]
[WhiteFideId "12918130"]
[EventCountry "GER"]
[EventRounds "9"]
[EventType "swiss"]
[EventDate "2012.05.26"]

1. d4 e6 2. c4 d5 3. Nf3 f5 4. cxd5 exd5 5. Nc3 Be7 6. Bf4 c6 7. e3 Nf6 8. Be2
O-O 9. O-O Nbd7 10. h3 Ne4 11. Qc2 Kh8 12. Ne5 Nxe5 13. Bxe5 Bd6 14. Bxd6 Qxd6
15. Nxe4 fxe4 16. Qd1 Qg6 17. Kh2 Rf6 18. Bg4 Bxg4 19. Qxg4 Qxg4 20. hxg4 Raf8
21. Kg3 g5 22. f3 Kg7 23. Rf2 R8f7 24. Rc1 Kf8 25. b4 a6 26. a3 Ke7 27. Rb1 b5
28. Rc1 Kd7 29. Ra1 Kc7 30. Rh1 h6 1/2-1/2

[Event "ODEM U25B 2012"]
[Site "Oberhof GER"]
[Date "2012.06.01"]
[Round "8"]
[White "Janke, Christopher"]
[Black "Denkert, Robert"]
[Result "1/2-1/2"]
[Termination "normal"]
[Board "2"]
[WhiteElo "1589"]
[BlackElo "1491"]
[PlyCount "102"]
[BlackFideId "12957216"]
[EventCountry "GER"]
[EventRounds "9"]
[EventType "swiss"]
[EventDate "2012.05.26"]

1. e4 e6 2. d4 d5 3. exd5 exd5 4. Nc3 c6 5. Bd3 Bd6 6. Be3 Nf6 7. f3 Be6 8. Qd2
Nbd7 9. Nge2 Qc7 10. Nf4 Nf8 11. Nxe6 Nxe6 12. Ne2 Qb6 13. c3 c5 14. O-O O-O
15. Kh1 cxd4 16. Nxd4 Bc5 17. Nc2 Bxe3 18. Nxe3 Rad8 19. Qf2 d4 20. cxd4 Rxd4
21. Bc2 Rfd8 22. Rfd1 Rxd1+ 23. Rxd1 Rxd1+ 24. Nxd1 Qxf2 25. Nxf2 Nd4 26. Bd3
b6 27. Ne4 Nxe4 28. Bxe4 Kf8 29. Kg1 h6 30. Kf2 Ke7 31. Ke3 Ne6 32. g3 Kd6 33.
Bc2 Nc5 34. h4 a5 35. a4 Ke5 36. b3 Kd6 37. Kd4 Ne6+ 38. Kc4 g5 39. h5 Kc6 40.
Be4+ Kd6 41. Kb5 Kc7 42. Bd5 Nd8 43. Kc4 Kd6 44. Kd4 Ne6+ 45. Ke4 Nc5+ 46. Kd4
Ne6+ 47. Kc4 Nd8 48. g4 Ne6 49. Be4 Nf4 50. Kb5 Kc7 51. Kc4 Kd6 1/2-1/2

[Event "ODEM U25B 2012"]
[Site "Oberhof GER"]
[Date "2012.06.01"]
[Round "8"]
[White "Naujoks, Max"]
[Black "Eggert, André"]
[Result "1/2-1/2"]
[Termination "normal"]
[Board "3"]
[WhiteElo "1398"]
[BlackElo "1517"]
[PlyCount "112"]
[WhiteFideId "12947318"]
[BlackFideId "1270464"]
[EventCountry "GER"]
[EventRounds "9"]
[EventType "swiss"]
[EventDate "2012.05.26"]

1. d4 d5 2. Nf3 Nf6 3. e3 Bg4 4. Bd3 Nc6 5. h3 Bh5 6. c3 e6 7. Nbd2 Bd6 8. O-O
Bxf3 9. Qxf3 O-O 10. e4 dxe4 11. Nxe4 Be7 12. Qg3 Bd6 13. Nxd6 cxd6 14. Qh4 Ne7
15. g4 Ng6 16. Qg3 d5 17. f3 Qb8 18. Kg2 a6 19. h4 Nd7 20. Qxb8 Raxb8 21. h5
Ne7 22. Bf4 Rbc8 23. Rfe1 Nb6 24. Bd6 Rfe8 25. Bc5 Na4 26. Ba3 Nb6 27. Bb4 Nc6
28. Bc5 Na4 29. Bc2 Nxc5 30. dxc5 Na5 31. b4 Nc4 32. Bb3 Nd2 33. Ba4 Red8 34.
Re2 Nc4 35. Bb3 Na3 36. Rc1 Nb5 37. a4 Na7 38. Rd1 Kf8 39. Bc2 g6 40. hxg6 hxg6
41. f4 Ke7 42. f5 gxf5 43. gxf5 Rh8 44. fxe6 Rcg8+ 45. Kf2 Rh2+ 46. Ke1 Rg1+
47. Kd2 Rxd1+ 48. Bxd1 Rxe2+ 49. Bxe2 fxe6 50. c4 dxc4 51. Bxc4 Kd7 52. b5 axb5
53. axb5 Nc8 54. Kc3 b6 55. Kd4 bxc5+ 56. Kxc5 Nd6 1/2-1/2

[Event "ODEM U25B 2012"]
[Site "Oberhof GER"]
[Date "2012.06.01"]
[Round "8"]
[White "Wheeler, Sebastian"]
[Black "Greßmann, Hanna"]
[Result "1-0"]
[Termination "normal"]
[Board "4"]
[WhiteElo "1658"]
[BlackElo "1393"]
[PlyCount "41"]
[WhiteFideId "12923060"]
[BlackFideId "12930709"]
[EventCountry "GER"]
[EventRounds "9"]
[EventType "swiss"]
[EventDate "2012.05.26"]

1. e4 c5 2. Nc3 d6 3. g3 Nc6 4. Bg2 g6 5. d3 Bg7 6. f4 Nf6 7. Nf3 O-O 8. O-O
Rb8 9. Be3 Ng4 10. Bf2 Nxf2 11. Rxf2 Bg4 12. Kh1 Nd4 13. Qd2 Nxf3 14. Bxf3
Bxf3+ 15. Rxf3 Qa5 16. f5 b5 17. g4 Bxc3 18. bxc3 Qa3 19. d4 cxd4 20. Qh6 gxf5
21. Rh3 1-0

[Event "ODEM U25B 2012"]
[Site "Oberhof GER"]
[Date "2012.06.01"]
[Round "8"]
[White "Fischer, Maxi"]
[Black "Herrmann, Heribert"]
[Result "1-0"]
[Termination "normal"]
[Board "5"]
[WhiteElo "1418"]
[BlackElo "1534"]
[PlyCount "79"]
[WhiteFideId "24692395"]
[BlackFideId "12971715"]
[EventCountry "GER"]
[EventRounds "9"]
[EventType "swiss"]
[EventDate "2012.05.26"]

1. e4 d6 2. d4 Nf6 3. Nc3 g6 4. f3 Bg7 5. Be3 Nc6 6. Qd2 e5 7. Nge2 exd4 8.
Nxd4 Bd7 9. O-O-O Qe7 10. g4 a6 11. g5 Nh5 12. Nd5 Qd8 13. Be2 Nxd4 14. Bxd4
Bxd4 15. Qxd4 O-O 16. f4 c6 17. Nf6+ Nxf6 18. gxf6 Be6 19. a3 Rc8 20. h4 h6 21.
h5 Kh7 22. hxg6+ fxg6 23. Rxh6+ Kg8 24. Rxg6+ Kf7 25. Rg7+ Ke8 26. Re7+ Qxe7
27. fxe7 Rf7 28. Qxd6 Rxe7 29. Qe5 Kf8 30. Qh8+ Bg8 31. Qh6+ Rg7 32. Rd7 Bf7
33. Qd6+ Kg8 34. Rd8+ Rxd8 35. Qxd8+ Kh7 36. e5 Bg6 37. e6 Rg8 38. Qf6 c5 39.
f5 Be8 40. Qe7+ 1-0

[Event "ODEM U25B 2012"]
[Site "Oberhof GER"]
[Date "2012.06.01"]
[Round "8"]
[White "Siegl, Adrian"]
[Black "Hageresch, Leon"]
[Result "1-0"]
[Termination "normal"]
[Board "6"]
[WhiteElo "1712"]
[BlackElo "1371"]
[PlyCount "91"]
[WhiteFideId "12930156"]
[BlackFideId "12933899"]
[EventCountry "GER"]
[EventRounds "9"]
[EventType "swiss"]
[EventDate "2012.05.26"]

1. e4 Nf6 2. e5 Nd5 3. c4 Nb6 4. d4 d6 5. exd6 cxd6 6. Nc3 Nc6 7. Be3 g6 8. Qd2
Qc7 9. b3 Bf5 10. h3 h5 11. Nf3 Nb4 12. Nb5 Qc6 13. Qxb4 a6 14. d5 Qd7 15.
Nxd6+ exd6 16. Qxb6 Bg7 17. Bd4 Qe7+ 18. Be2 Bd3 19. Ng1 O-O 20. Bxg7 Rfe8 21.
Qe3 Bxe2 22. Nxe2 Qxe3 23. fxe3 Kxg7 24. Kd2 Re7 25. Nc3 Rae8 26. Rae1 f5 27.
Rhf1 Kh6 28. h4 Rf8 29. Ne2 Re4 30. Rf4 Re5 31. Nd4 Re4 32. Rxe4 fxe4 33. Ke2
Rf7 34. Rf1 Rd7 35. Rf4 g5 36. Rf6+ Kg7 37. hxg5 Rf7 38. Ne6+ Kg8 39. Rxf7 Kxf7
40. Kf2 b6 41. b4 b5 42. cxb5 axb5 43. Kg3 Kg6 44. Nc7 Kxg5 45. Nxb5 h4+ 46.
Kh3 1-0

[Event "ODEM U25B 2012"]
[Site "Oberhof GER"]
[Date "2012.06.01"]
[Round "8"]
[White "Schier, Lukas"]
[Black "Pixa, Ulrich"]
[Result "0-1"]
[Termination "normal"]
[Board "7"]
[WhiteElo "1272"]
[BlackElo "1501"]
[PlyCount "36"]
[BlackFideId "4697723"]
[EventCountry "GER"]
[EventRounds "9"]
[EventType "swiss"]
[EventDate "2012.05.26"]

1. e4 c5 2. d4 cxd4 3. c3 d3 4. Bxd3 d6 5. Be3 Nf6 6. Nf3 g6 7. e5 dxe5 8. Bb5+
Nbd7 9. Nxe5 a6 10. Bxd7+ Nxd7 11. Nc4 Qc7 12. Nbd2 b5 13. Na3 Bg7 14. Nf3 Bb7
15. Qe2 Bxc3+ 16. Kf1 Bg7 17. g3 Qc6 18. Kg2 Ne5 0-1

[Event "ODEM U25B 2012"]
[Site "Oberhof GER"]
[Date "2012.06.01"]
[Round "8"]
[White "Suvorov, Alexander"]
[Black "Arns, Alexander"]
[Result "1-0"]
[Termination "normal"]
[Board "8"]
[WhiteElo "1223"]
[BlackElo "1452"]
[PlyCount "77"]
[WhiteFideId "12977063"]
[BlackFideId "12944009"]
[EventCountry "GER"]
[EventRounds "9"]
[EventType "swiss"]
[EventDate "2012.05.26"]

1. d4 Nf6 2. Nf3 c5 3. c4 g6 4. Nc3 cxd4 5. Nxd4 d6 6. Bg5 Bg7 7. e3 Qb6 8. Rb1
Nc6 9. Be2 Nxd4 10. exd4 Be6 11. O-O O-O 12. b3 Rfe8 13. Qd2 Rac8 14. Be3 Bf5
15. Bd3 Bxd3 16. Qxd3 a6 17. d5 Qc7 18. Na4 Nd7 19. Bd4 Ne5 20. Qc3 Qb8 21. f4
b5 22. Nb6 Ng4 23. Nxc8 Bxd4+ 24. Qxd4 Rxc8 25. h3 Nf6 26. g4 Qb7 27. cxb5 Qxb5
28. Rbc1 Rd8 29. Rfd1 Nd7 30. Qa7 Qc5+ 31. Rxc5 Nxc5 32. Qxe7 Rd7 33. Qe8+ Kg7
34. b4 Rb7 35. bxc5 dxc5 36. d6 c4 37. d7 c3 38. d8=Q c2 39. Qf8# 1-0

[Event "ODEM U25B 2012"]
[Site "Oberhof GER"]
[Date "2012.06.01"]
[Round "8"]
[White "Gast, Benedikt"]
[Black "Bossert, Felix"]
[Result "1/2-1/2"]
[Termination "normal"]
[Board "9"]
[WhiteElo "1860"]
[BlackElo "1284"]
[PlyCount "69"]
[WhiteFideId "12937967"]
[BlackFideId "12960977"]
[EventCountry "GER"]
[EventRounds "9"]
[EventType "swiss"]
[EventDate "2012.05.26"]

1. e4 c5 2. c4 d6 3. Nc3 Nc6 4. g3 g6 5. Bg2 Bg7 6. Nge2 e6 7. O-O Nge7 8. a3
O-O 9. Rb1 b6 10. b4 Qc7 11. d3 Rb8 12. Be3 Bb7 13. Qd2 Rfd8 14. Rfd1 Ne5 15.
Bg5 f6 16. Bf4 a6 17. Qa2 Nf7 18. Be3 e5 19. f4 Bh6 20. Bd2 Rf8 21. fxe5 Bxd2
22. Qxd2 fxe5 23. Rf1 Bc8 24. Rf6 Kg7 25. Rbf1 Ng8 26. Nd5 Qd8 27. R6f2 Be6 28.
Nec3 Bxd5 29. Nxd5 Ne7 30. Nf6 Ng8 31. Ng4 Qe7 32. Ne3 Qe6 33. Nd5 Ne7 34. Rf6
Qd7 35. Ne3 1/2-1/2

[Event "ODEM U25B 2012"]
[Site "Oberhof GER"]
[Date "2012.06.01"]
[Round "8"]
[White "Schramm, Anna-Lena"]
[Black "Bachmann, Jonas"]
[Result "1-0"]
[Termination "normal"]
[Board "10"]
[WhiteElo "1359"]
[BlackElo "1426"]
[PlyCount "95"]
[WhiteFideId "12918237"]
[BlackFideId "12922919"]
[EventCountry "GER"]
[EventRounds "9"]
[EventType "swiss"]
[EventDate "2012.05.26"]

1. e4 e5 2. Nf3 Nc6 3. Bb5 a6 4. Ba4 Nf6 5. Nc3 Nd4 6. d3 b5 7. Bb3 Nxb3 8.
axb3 d6 9. Nxb5 Rb8 10. Nc3 Be7 11. O-O Ra8 12. Na2 Bd7 13. Bd2 O-O 14. Re1 c5
15. b4 cxb4 16. Bxb4 Qc7 17. d4 Bc6 18. Nc3 Rfc8 19. dxe5 dxe5 20. Ba5 Qb7 21.
Nxe5 Bxe4 22. Nxe4 Nxe4 23. Qf3 Nd6 24. Qxb7 Nxb7 25. Bc3 Bf6 26. Re2 Bxe5 27.
Rxe5 Rd8 28. Re7 Nd6 29. Re5 Rdb8 30. Rea5 Rb6 31. R5a4 Nb5 32. Be5 Rc6 33. c4
Nd6 34. b3 Nb7 35. Bd4 h6 36. g3 Rd6 37. c5 Rd5 38. c6 Nd8 39. c7 Ne6 40. Rxa6
Nxc7 41. Rxa8+ Nxa8 42. Rxa8+ Kh7 43. Be3 Rb5 44. Ra3 Kg6 45. Bd2 Rd5 46. Ba5
Rb5 47. b4 Kf6 48. Rc3 1-0

[Event "ODEM U25B 2012"]
[Site "Oberhof GER"]
[Date "2012.06.01"]
[Round "8"]
[White "Riedel, Erich"]
[Black "Schmidt, Daniel"]
[Result "1/2-1/2"]
[Termination "normal"]
[Board "11"]
[WhiteElo "1276"]
[BlackElo "1419"]
[PlyCount "40"]
[WhiteFideId "12958646"]
[BlackFideId "12957950"]
[EventCountry "GER"]
[EventRounds "9"]
[EventType "swiss"]
[EventDate "2012.05.26"]

1. c4 c5 2. Nc3 g6 3. g3 Bg7 4. Bg2 Nf6 5. e3 O-O 6. Nge2 Nc6 7. d4 b6 8. O-O
Bb7 9. b3 Qc7 10. Bb2 a6 11. Na4 Na5 12. dxc5 Bxg2 13. Kxg2 bxc5 14. Qc2 Nb7
15. Nac3 Qc6+ 16. Kg1 Qf3 17. Nf4 e6 18. Qe2 Qc6 19. Rad1 Nd6 20. f3 Nb7
1/2-1/2

[Event "ODEM U25B 2012"]
[Site "Oberhof GER"]
[Date "2012.06.01"]
[Round "8"]
[White "Gast, Antonia"]
[Black "Sherif, Malik"]
[Result "1/2-1/2"]
[Termination "normal"]
[Board "12"]
[WhiteElo "1395"]
[BlackElo "1217"]
[PlyCount "53"]
[WhiteFideId "12929336"]
[BlackFideId "12911755"]
[EventCountry "GER"]
[EventRounds "9"]
[EventType "swiss"]
[EventDate "2012.05.26"]

1. c4 e5 2. Nc3 Nf6 3. g3 d5 4. cxd5 Nxd5 5. Bg2 Nb6 6. e3 Nc6 7. a3 Be7 8.
Nge2 O-O 9. O-O Be6 10. d4 exd4 11. Nxd4 Nxd4 12. Qxd4 Qxd4 13. exd4 c6 14. Bf4
Rfd8 15. Rad1 Nc4 16. Bc1 Bf6 17. Ne2 Bf5 18. Be3 Nxb2 19. Rc1 Be7 20. Rc3 Na4
21. Rb3 Nb6 22. a4 Be6 23. Rbb1 Rab8 24. a5 Nd5 25. Bd2 Bf6 26. Rfc1 Bf5 27.
Rb3 1/2-1/2

[Event "ODEM U25B 2012"]
[Site "Oberhof GER"]
[Date "2012.06.01"]
[Round "8"]
[White "Dresig, Moritz"]
[Black "Tsoumanis, Neoptolemos"]
[Result "1-0"]
[Termination "normal"]
[Board "13"]
[WhiteElo "1711"]
[BlackElo "1181"]
[PlyCount "43"]
[WhiteFideId "1270307"]
[EventCountry "GER"]
[EventRounds "9"]
[EventType "swiss"]
[EventDate "2012.05.26"]

1. c4 e6 2. g3 Be7 3. Bg2 c6 4. Nf3 d5 5. d4 Nd7 6. O-O h5 7. h4 f6 8. Qc2 Nf8
9. cxd5 exd5 10. e4 Be6 11. Nc3 Qd7 12. Bf4 g5 13. hxg5 fxg5 14. Bxg5 Bxg5 15.
Nxg5 Nf6 16. Nxe6 Nxe6 17. exd5 Nxd5 18. Nxd5 cxd5 19. Rfe1 Rh6 20. Bh3 Qf7 21.
Qd2 Rg6 22. Rxe6+ 1-0

[Event "ODEM U25B 2012"]
[Site "Oberhof GER"]
[Date "2012.06.01"]
[Round "8"]
[White "Petersen, Marcel"]
[Black "Bick, Lennard"]
[Result "1/2-1/2"]
[Termination "normal"]
[Board "14"]
[WhiteElo "1582"]
[BlackElo "1169"]
[PlyCount "132"]
[WhiteFideId "12935670"]
[EventCountry "GER"]
[EventRounds "9"]
[EventType "swiss"]
[EventDate "2012.05.26"]

1. e4 e5 2. Nf3 Nf6 3. Nc3 Nc6 4. Bc4 Bc5 5. d3 d6 6. Bg5 h6 7. Bxf6 Qxf6 8.
Nd5 Qd8 9. c3 Ne7 10. b4 Nxd5 11. Bxd5 Bb6 12. Qb3 Qe7 13. O-O Be6 14. d4 exd4
15. cxd4 c6 16. Bxe6 Qxe6 17. d5 Qd7 18. dxc6 Qxc6 19. e5 O-O 20. Rac1 Qd7 21.
Rcd1 Bc7 22. Rd4 Qe7 23. exd6 Bxd6 24. Re1 Qc7 25. Rc4 Qb6 26. Re3 Rac8 27. Nh4
Rxc4 28. Qxc4 Qxb4 29. Qxb4 Bxb4 30. Nf5 Rd8 31. h3 Rd7 32. Re4 Bc5 33. Re2 Kh7
34. g3 g6 35. Nh4 Bb4 36. Nf3 b5 37. Re4 Bf8 38. Rf4 Bg7 39. Kf1 Rd1+ 40. Kg2
Kg8 41. a4 Rb1 42. axb5 Rxb5 43. Ra4 a5 44. Kf1 Bc3 45. Rc4 Bb4 46. Nd4 Rc5 47.
Rxc5 Bxc5 48. Ne2 a4 49. Nc3 a3 50. Ke2 Kg7 51. f4 Bd4 52. Na2 f5 53. Kf3 g5
54. fxg5 hxg5 55. g4 Kf6 56. gxf5 Kxf5 57. Nb4 Bc3 58. Na2 Bd2 59. Ke2 Bf4 60.
Kf3 Ke5 61. Nb4 Kd4 62. Nc2+ Kd3 63. Nxa3 Kd4 64. Nc2+ Ke5 65. Ne1 Kf5 66. Nd3
Bd2 1/2-1/2

[Event "ODEM U25B 2012"]
[Site "Oberhof GER"]
[Date "2012.06.01"]
[Round "8"]
[White "Hoppe, Michael"]
[Black "Arnold, Alexandria"]
[Result "1-0"]
[Termination "normal"]
[Board "15"]
[WhiteElo "1426"]
[BlackElo "872"]
[PlyCount "97"]
[WhiteFideId "12928747"]
[BlackFideId "16205383"]
[EventCountry "GER"]
[EventRounds "9"]
[EventType "swiss"]
[EventDate "2012.05.26"]

1. d4 d5 2. Bf4 Bf5 3. Nc3 Nf6 4. f3 e6 5. Qd2 Nc6 6. a3 Bd6 7. Bxd6 Qxd6 8. e3
e5 9. O-O-O O-O-O 10. Bb5 e4 11. Rf1 exf3 12. Nxf3 Ne4 13. Nxe4 Bxe4 14. Bxc6
Bxf3 15. Bxb7+ Kxb7 16. Rxf3 f6 17. Qe1 g6 18. Qg3 Qe6 19. Qf2 f5 20. h3 Rde8
21. Kd2 Qe4 22. Rf1 Re6 23. Rf4 Qxf4 24. Qxf4 Re4 25. Qf2 Rhe8 26. Re1 g5 27.
Qxf5 h6 28. Qxd5+ Kc8 29. Qa8+ Kd7 30. Qxa7 Kc6 31. Qa6+ Kd7 32. Qxh6 g4 33.
hxg4 Rxg4 34. Kd3 Rxg2 35. Qh3+ Rg4 36. Qxg4+ Kd8 37. Qf3 Kc8 38. Qa8+ Kd7 39.
Qxe8+ Kxe8 40. e4 Kd7 41. e5 Ke6 42. a4 c6 43. a5 c5 44. a6 cxd4 45. a7 Kf5 46.
a8=Q Kf4 47. Qe4+ Kg5 48. Rg1+ Kh6 49. Qg6# 1-0

[Event "ODEM U25B 2012"]
[Site "Oberhof GER"]
[Date "2012.06.01"]
[Round "8"]
[White "Häusler, Luis"]
[Black "Neumann, Tiemon"]
[Result "1/2-1/2"]
[Termination "normal"]
[Board "16"]
[WhiteElo "1124"]
[BlackElo "1750"]
[PlyCount "63"]
[WhiteFideId "12942928"]
[BlackFideId "12925462"]
[EventCountry "GER"]
[EventRounds "9"]
[EventType "swiss"]
[EventDate "2012.05.26"]

1. e4 e5 2. f4 Nc6 3. Nf3 f5 4. Nc3 Bb4 5. Bc4 Bxc3 6. dxc3 Qe7 7. Bb3 Nf6 8.
O-O Nxe4 9. Re1 d6 10. Qd5 Nf6 11. Qd1 e4 12. Nd4 Na5 13. Ba4+ Kf7 14. Nf3 Rd8
15. Ng5+ Kg8 16. b4 Nc6 17. Bb3+ d5 18. c4 Be6 19. Qe2 Nd4 20. Qf2 Nxb3 21.
cxb3 h6 22. Nxe6 Qxe6 23. cxd5 Nxd5 24. a3 Qb6 25. Qxb6 Nxb6 26. Bb2 g5 27.
fxg5 hxg5 28. g4 f4 29. Rxe4 Rd5 30. Re7 Rd7 31. Re5 Rd5 32. Re7 1/2-1/2

[Event "ODEM U25B 2012"]
[Site "Oberhof GER"]
[Date "2012.06.01"]
[Round "8"]
[White "Eggert, Daniela"]
[Black "Friedrich, Robert"]
[Result "0-1"]
[Termination "normal"]
[Board "17"]
[WhiteElo "927"]
[BlackElo "1350"]
[PlyCount "64"]
[WhiteFideId "12991490"]
[BlackFideId "1271541"]
[EventCountry "GER"]
[EventRounds "9"]
[EventType "swiss"]
[EventDate "2012.05.26"]

1. e4 e5 2. Nf3 Nc6 3. Nc3 Bc5 4. Bc4 Nf6 5. h3 d6 6. Bb5 Bd7 7. O-O a6 8. Bxc6
Bxc6 9. Re1 Qd7 10. d4 exd4 11. Nxd4 O-O-O 12. Bf4 Rhe8 13. Nf3 Nxe4 14. Nxe4
Bxe4 15. Ng5 Bg6 16. Qd5 f6 17. Ne6 Bxf2+ 18. Kxf2 Bf7 19. Re3 Rxe6 20. Qf3
Rxe3 21. Qxe3 Kb8 22. a3 Re8 23. Qd4 Qf5 24. Re1 Qxc2+ 25. Qd2 Qxd2+ 26. Bxd2
Rxe1 27. Kxe1 Bd5 28. g3 Kc8 29. Ke2 Kd7 30. Ke3 Ke6 31. Kf4 g5+ 32. Ke3 Bg2
0-1

[Event "ODEM U25B 2012"]
[Site "Oberhof GER"]
[Date "2012.06.01"]
[Round "8"]
[White "Focke, Adrian"]
[Black "Silber, Kevin"]
[Result "1-0"]
[Termination "normal"]
[Board "18"]
[WhiteElo "1312"]
[BlackElo "1196"]
[PlyCount "123"]
[WhiteFideId "12969869"]
[BlackFideId "12930440"]
[EventCountry "GER"]
[EventRounds "9"]
[EventType "swiss"]
[EventDate "2012.05.26"]

1. e4 c6 2. d4 d5 3. Nc3 dxe4 4. Nxe4 Bf5 5. Ng3 Bg6 6. Nf3 e6 7. Bd3 c5 8. O-O
cxd4 9. Bxg6 hxg6 10. Qxd4 Qxd4 11. Nxd4 Nf6 12. Bf4 Nbd7 13. Nf3 Nd5 14. Bd2
Be7 15. c4 N5b6 16. b3 Nc5 17. Rfd1 O-O-O 18. Bb4 Nbd7 19. Rd2 Bf6 20. Rad1 Na6
21. Ba3 Ndb8 22. Kf1 Nc6 23. Ke2 Rhg8 24. Ne4 Nab4 25. Bxb4 Nxb4 26. a3 Nc6 27.
Rxd8+ Nxd8 28. Nxf6 gxf6 29. Nd2 f5 30. Nf3 Kc7 31. Ne5 f6 32. Nd7 Rg7 33. Nxf6
Re7 34. Ke3 Nc6 35. b4 Ne5 36. Rd4 a6 37. f4 Nc6 38. Rd2 b6 39. h3 e5 40. Nd5+
Kd7 41. Nxe7+ Kxe7 42. g3 Ke6 43. Rd5 a5 44. b5 exf4+ 45. gxf4 Ne7 46. Re5+ Kd6
47. Kd4 Kd7 48. Re1 Kd6 49. a4 Nc8 50. Re8 Kd7 51. Rxc8 Kxc8 52. Kd5 Kd7 53. h4
Kc7 54. Ke6 Kd8 55. Kd6 Kc8 56. Kc6 Kb8 57. Kxb6 Ka8 58. Kc7 Ka7 59. b6+ Ka6
60. b7 g5 61. b8=Q gxh4 62. Qb7# 1-0

[Event "ODEM U25B 2012"]
[Site "Oberhof GER"]
[Date "2012.06.01"]
[Round "8"]
[White "Hölzer, Jeanette"]
[Black "Thumm, Niklas"]
[Result "1-0"]
[Termination "normal"]
[Board "20"]
[WhiteElo "1376"]
[BlackElo "1183"]
[PlyCount "145"]
[WhiteFideId "12917982"]
[BlackFideId "12918733"]
[EventCountry "GER"]
[EventRounds "9"]
[EventType "swiss"]
[EventDate "2012.05.26"]

1. e4 e5 2. Nf3 Nc6 3. Bc4 Bc5 4. c3 Nf6 5. d3 d5 6. exd5 Nxd5 7. Qb3 O-O 8.
Bxd5 Na5 9. Qc2 Qxd5 10. b4 Bf5 11. O-O Bxd3 12. Rd1 Rad8 13. Qa4 Qe4 14. Re1
Be2 15. Nbd2 Qd3 16. bxc5 Bxf3 17. Nxf3 Qxc3 18. Ba3 Nc6 19. Rac1 Qd3 20. Nxe5
Nxe5 21. Rxe5 Rd4 22. Qb3 Rfd8 23. h3 Qd2 24. Re7 Qf4 25. Rce1 h5 26. Bc1 Qf5
27. Rxc7 R4d7 28. Rxd7 Rxd7 29. Be3 Qe4 30. Qb1 Re7 31. Bd2 Qxb1 32. Rxb1 Re2
33. Rxb7 Rxd2 34. Rxa7 Rc2 35. Ra5 Kf8 36. Kf1 Ke7 37. a4 Kd7 38. Ra7+ Kc6 39.
Rxf7 Rxc5 40. Rxg7 Rc4 41. Rg6+ Kd5 42. Rg5+ Kd6 43. Rxh5 Rxa4 44. g4 Ke6 45.
Kg2 Kf6 46. Rf5+ Kg6 47. Kg3 Ra8 48. Kh4 Rh8+ 49. Rh5 Rxh5+ 50. gxh5+ Kf5 51.
f3 Kf6 52. Kg4 Kg7 53. Kg5 Kh7 54. f4 Kg7 55. f5 Kh7 56. Kf6 Kh6 57. h4 Kh7 58.
Kf7 Kh8 59. Kg6 Kg8 60. f6 Kh8 61. h6 Kg8 62. f7+ Kf8 63. h7 Ke7 64. Kg7 Ke6
65. f8=R Ke5 66. h8=Q Ke4 67. Kg6 Kd5 68. Re8 Kc4 69. Rd8 Kc5 70. Qc3+ Kb6 71.
Rb8+ Ka7 72. Qc7+ Ka6 73. Qb6# 1-0

[Event "ODEM U25B 2012"]
[Site "Oberhof GER"]
[Date "2012.06.01"]
[Round "8"]
[White "Wagner, Swenja"]
[Black "Moos, Daniel"]
[Result "0-1"]
[Termination "normal"]
[Board "21"]
[WhiteElo "1287"]
[BlackElo "1173"]
[PlyCount "96"]
[WhiteFideId "12900494"]
[EventCountry "GER"]
[EventRounds "9"]
[EventType "swiss"]
[EventDate "2012.05.26"]

1. e4 g6 2. d4 Bg7 3. Nc3 d6 4. f4 Nc6 5. Nf3 Bg4 6. Bb5 a6 7. Bxc6+ bxc6 8.
O-O Nf6 9. e5 Nd5 10. Ne4 O-O 11. a4 a5 12. Bd2 Qb8 13. b3 Qb6 14. Qe2 Bxf3 15.
Qxf3 Qxd4+ 16. Kh1 h6 17. c3 Qa7 18. exd6 cxd6 19. Ra2 Rab8 20. Rb1 Rb7 21. c4
Nb4 22. Bxb4 Rxb4 23. Ng3 Rc8 24. Rf2 Qd7 25. f5 Rf8 26. h4 c5 27. Rbf1 Rbb8
28. Qd5 Qb7 29. Qxb7 Rxb7 30. fxg6 fxg6 31. Rxf8+ Bxf8 32. Rf3 Bg7 33. h5 g5
34. Nf5 Kh7 35. Nxg7 Kxg7 36. g4 e6 37. Rd3 Rd7 38. Kg2 Kf7 39. Kf3 Ke7 40. Ke4
Rd8 41. Rd2 Rf8 42. Rg2 Rf4+ 43. Ke3 d5 44. Rc2 Kd6 45. cxd5 exd5 46. Rg2 Rb4
47. Rb2 Rxg4 48. Kf3 Rh4 0-1

[Event "ODEM U25B 2012"]
[Site "Oberhof GER"]
[Date "2012.06.01"]
[Round "8"]
[White "Koll, Lukas"]
[Black "Dopmann, Sina"]
[Result "1-0"]
[Termination "normal"]
[Board "22"]
[WhiteElo "1282"]
[BlackElo "1158"]
[PlyCount "127"]
[WhiteFideId "12969737"]
[EventCountry "GER"]
[EventRounds "9"]
[EventType "swiss"]
[EventDate "2012.05.26"]

1. e4 e5 2. Nf3 d6 3. h3 Be7 4. Bc4 Nd7 5. Nc3 Ngf6 6. d3 O-O 7. Nd5 c6 8.
Nxe7+ Qxe7 9. Bg5 b5 10. Bb3 a5 11. a4 b4 12. O-O Bb7 13. c3 Qd8 14. Qd2 Qc7
15. cxb4 axb4 16. Qxb4 d5 17. exd5 cxd5 18. Rac1 Qb8 19. Rfe1 e4 20. dxe4 dxe4
21. Nd2 Re8 22. Rc4 Nd5 23. Qa3 N5f6 24. Qa2 Bd5 25. Rd4 Bxb3 26. Qxb3 Qxb3 27.
Nxb3 Ra6 28. Nd2 Ree6 29. b4 h6 30. Be3 Kf8 31. b5 Ra8 32. Ra1 Ke8 33. Nc4 Nb6
34. Nxb6 Rxb6 35. Rxe4+ Nxe4 36. Bxb6 Nc3 37. a5 Nxb5 38. Kf1 Kd7 39. Re1 Na3
40. Bc5 Rxa5 41. Re7+ Kc6 42. Bxa3 Rxa3 43. Rxf7 Ra1+ 44. Ke2 Ra2+ 45. Kf3 Ra3+
46. Kg4 Ra2 47. Kg3 Ra3+ 48. f3 Ra5 49. Rxg7 Rg5+ 50. Rxg5 hxg5 51. Kg4 Kd7 52.
Kxg5 Ke8 53. h4 Kf8 54. h5 Kg8 55. h6 Kh8 56. f4 Kg8 57. Kh5 Kf7 58. g4 Kg8 59.
g5 Kf7 60. f5 Kg8 61. g6 Kh8 62. f6 Kg8 63. f7+ Kf8 64. h7 1-0

[Event "ODEM U25B 2012"]
[Site "Oberhof GER"]
[Date "2012.06.01"]
[Round "8"]
[White "Hoffmann, Rasmus"]
[Black "Dittrich, Tom"]
[Result "0-1"]
[Termination "normal"]
[Board "23"]
[WhiteElo "1151"]
[BlackElo "1627"]
[PlyCount "102"]
[BlackFideId "12923532"]
[EventCountry "GER"]
[EventRounds "9"]
[EventType "swiss"]
[EventDate "2012.05.26"]

1. Nc3 d5 2. e4 d4 3. Nce2 e5 4. Ng3 Be6 5. Be2 Nc6 6. Bg4 Qd7 7. Bxe6 Qxe6 8.
N1e2 Bd6 9. O-O O-O-O 10. f4 f6 11. f5 Qe8 12. d3 h5 13. Bd2 Nge7 14. Nc1 h4
15. Nh1 g5 16. Bxg5 fxg5 17. Qg4 Qh5 18. Qxh5 Rxh5 19. Nf2 Rf8 20. Ng4 Ng8 21.
Nb3 Nf6 22. Nf2 g4 23. Nh1 Rg5 24. Nc1 Nh5 25. Ne2 Bb4 26. Rad1 Bc5 27. a3 Rfg8
28. g3 hxg3 29. hxg3 Nf6 30. Kg2 Rh8 31. Nf2 Rgh5 32. Rh1 Rxh1 33. Rxh1 Rxh1
34. Nxh1 Kd7 35. b4 Be7 36. Nf2 Nd8 37. Nd1 Kc6 38. c3 dxc3 39. Ndxc3 a6 40.
Kf2 Kd6 41. Ke3 b5 42. d4 exd4+ 43. Kxd4 Nc6+ 44. Ke3 Ke5 45. Nf4 Nd4 46. Kd3
Nf3 47. Ne6 Bd6 48. Nf4 Be7 49. Ne6 c6 50. Nc7 Ng5 51. Nxa6 Ngxe4 0-1